02169 2200265 4500001002100000005001500021035002000036007000300056008004100059040001200100100001600112245011300128250001000241300002800251020002200279082001100301084001700312260003300329520144200362600001801804850001201822990002301834990002301857990002301880INLIS00000000069513720230201080458 a0010-0223000003ta230201 0 ind  aJIPUBAY aTim Redaksi1 aSuperkids activity menggambar & mewarnai buah dan sayur /cPenulis, Tim Redaksi; Penyunting, Randi Renggana; aCet.1 a32 hlm :bIlus ;c19 cm a978-602-5538-85-8 a372.52 a372.52 TIM s aBandung :bRuang Kata,c2021 aHai teman, buah dan sayuran apa yang menjadi favorit kalian? Ayo sebutkan! Nah sekarang kita belajar menggambar dan mewarnai buah dan sayur, yuk! Kegiatan menggambar dan mewarnai merupakan aktivitas yang sangat seru dan mengasyikkan. Dengani konsep 5 in 1, kalian tidak hanya belajar menggambar dan mewarnai, tetapi kalian juga bisa belajar menebalkan, menulis, dan menempel. Setiap gambar dan tulisan di dalam buku ini dibuat dengan garis putus-putus, sehingga kalian bisa belajar menebalkan bentuk gambar dan belajar menulis nama-nama buah dan sayurnya. Selain itu, buku ini dilengkapi dengan stiker buah dan sayur yang menarik dan berwarna. Nah jangan lupa ya teman, tempelkan stikernya pada kolom yang sudah disediakan di setiap halamannya. Tentunya akan sangat menyenangkan belajar menggambar dan mewarnai sambil menempelkan stiker. Stiker ini bisa menjadi panduan kalian untuk memilih warna dalam mewarnai gambarnya.Selain itu, ada banyak sekali manfaat yang didapat dengan aktivitas 5 in 1 ini, seperti mengasah kreativitas dan motorik halus, mengenal perbedaan warna dan bentuk, melatih koordinasi tangan, mata, dan otak, melatih konsentrasi dan kesabaran, mengembangkan imajinasi dan ekpresi, serta memperkaya kosakata dan mengenal berbagai jenis buah dan sayur. Wah, sangat banyak sekali ya aktivitas dan manfaat yang dapat dilakukan dalam buku ini. Selamat menggambar & mewarnai serta jangan lupa tempelkan stikernya ya teman. 4aKomik, Bacaan aJIPUBAY a508905/DPKBWI/2022 a508906/DPKBWI/2022 a508907/DPKBWI/2022